| 000 | 00761nam a22002415a 4500 | ||
|---|---|---|---|
| 005 | 20161024141228.0 | ||
| 008 | 161018t2016 flua frb 001 0 eng d | ||
| 020 | _a9781482254815 | ||
| 040 |
_aEG-ScBUE _beng _cEG-ScBUE _dEG-ScBUE |
||
| 082 | 0 | 4 |
_a004.6782 _bCHA _222 |
| 100 | 1 |
_aChao, Lee, _d1951- |
|
| 245 | 1 | 0 |
_aCloud computing networking : _btheory, practice, and development / _cLee Chao. |
| 260 |
_aBoca Raton : _bCRC Press / Taylor & Francis, _cc.2016. |
||
| 300 |
_axix, 507 p. : _bill. ; _c27 cm. |
||
| 500 | _aIndex : p. 493-507. | ||
| 504 | _aBibliography : p. 489-491. | ||
| 590 | _ashima | ||
| 650 | 7 |
_aCloud computing. _2BUEsh _937309 |
|
| 650 | 7 |
_aComputer networks. _2BUEsh |
|
| 651 | _2BUEsh | ||
| 653 |
_bCOMSCI _cOctober2016 |
||
| 942 | _2ddc | ||
| 999 |
_c22696 _d22668 |
||